Ghaidan v Godin-Mendoza (Record no. 74445)
[ view plain ]
| 000 -LEADER | |
|---|---|
| fixed length control field | 02339cab a2200277 4500 |
| 001 - CONTROL NUMBER | |
| control field | ABS67950 |
| 008 - FIXED-LENGTH DATA ELEMENTS--GENERAL INFORMATION | |
| fixed length control field | 040628n2004 000 0 eng u |
| 035 ## - SYSTEM CONTROL NUMBER | |
| System control number | (Sirsi) u126613 |
| 245 ## - TITLE STATEMENT | |
| Title | Ghaidan v Godin-Mendoza |
| 260 ## - PUBLICATION, DISTRIBUTION, ETC. | |
| Date of publication, distribution, etc. | 2004 |
| 490 ## - SERIES STATEMENT | |
| Series statement | Weekly Law Reports |
| Volume/sequential designation | [2004] 3 WLR 113-160(48) |
| 520 ## - SUMMARY, ETC. | |
| Summary, etc. | [2004] UKHL 30, 21 June 2004. Appeal by landlord (G) against CA's decision ([2001] EWCA Civ 1553, Abs66275) that tenant (G-M) was entitled to succeed to the tenancy of a flat as a statutory tenant under the Rent Act 1977 Sched 1 para 2. G-M had been living in the flat in a stable same-sex relationship with the original tenant until the latter's death in January 2001. CA overturned the lower court's decision that G-M could not succeed to the tenancy of the flat as the surviving spouse of the original tenant within the meaning of the 1977 Act Sched 1 para 2 as that provision excluded persons in a same-sex relationship. "Held": A survivor of a same-sex couple cannot not become a statutory tenant by succession within para 2(2) of the 1977 Act following "Fitzpatrick v Sterling House Association Ltd" (HL, Abs61717) a decision made before the Human Rights Act 1988 came into force. The difference in treatment on grounds of sexual orientation flowing from the "Fitzpatrick " interpretation infringed the Convention for the Protection of Human Rights and Fundamental Freedoms Arts 8 and 14. The court made para 2 compliant with Convention rights by reading it as covering same-sex couples living together and therefore the survivor of such a couple should be treated as the surviving spouse of the original tenant. Judgment is available at www.parliament.uk. |
| 590 ## - LOCAL NOTE (RLIN) | |
| Local note | ABS |
| 650 ## - SUBJECT ADDED ENTRY--TOPICAL TERM | |
| Topical term or geographic name entry element | SUCCESSION |
| 650 ## - SUBJECT ADDED ENTRY--TOPICAL TERM | |
| Topical term or geographic name entry element | HUMAN RIGHTS ACT 1998 |
| 650 ## - SUBJECT ADDED ENTRY--TOPICAL TERM | |
| Topical term or geographic name entry element | CONVENTION FOR THE PROTECTION OF HUMAN RIGHTS AND FUNDAMENTAL FREEDOMS ART 14 |
| 650 ## - SUBJECT ADDED ENTRY--TOPICAL TERM | |
| Topical term or geographic name entry element | CONVENTION FOR THE PROTECTION OF HUMAN RIGHTS AND FUNDAMENTAL FREEDOMS ART 8 |
| 650 ## - SUBJECT ADDED ENTRY--TOPICAL TERM | |
| Topical term or geographic name entry element | PROTECTED TENANTS |
| 650 ## - SUBJECT ADDED ENTRY--TOPICAL TERM | |
| Topical term or geographic name entry element | STATUTORY TENANTS |
| 650 ## - SUBJECT ADDED ENTRY--TOPICAL TERM | |
| Topical term or geographic name entry element | RENT ACT 1977 SCHED 1 PARA 2(2) |
| 650 ## - SUBJECT ADDED ENTRY--TOPICAL TERM | |
| Topical term or geographic name entry element | FITZPATRICK V STERLING HOUSING ASSOCIATION LTD |
| 650 ## - SUBJECT ADDED ENTRY--TOPICAL TERM | |
| Topical term or geographic name entry element | GHAIDAN V GODIN-MENDOZA |
| 650 ## - SUBJECT ADDED ENTRY--TOPICAL TERM | |
| Topical term or geographic name entry element | PROPERTY-RESIDENTIAL PROPERTY-RESIDENTIAL LANDLORD AND TENANT-RESIDENTIAL TENANCIES |
| 690 ## - LOCAL SUBJECT ADDED ENTRY--TOPICAL TERM (OCLC, RLIN) | |
| Topical term or geographic name as entry element | LANDLORD AND TENANT-RESIDENTIAL TENANCIES-CASE LAW |
| 942 ## - ADDED ENTRY ELEMENTS (KOHA) | |
| Suppress in OPAC | 0 |
| Withdrawn status | Lost status | Source of classification or shelving scheme | Damaged status | Not for loan | Home library | Current library | Shelving location | Date acquired | Total Checkouts | Full call number | Barcode | Date last seen | Copy number | Price effective from | Koha item type |
|---|---|---|---|---|---|---|---|---|---|---|---|---|---|---|---|
| Dewey Decimal Classification | London | London | Journal article | 28/06/2004 | ABS67950 | 126613-1001 | 06/08/2019 | 1 | 06/08/2019 | Law report |